| 000 | 00446nam a2200157 a 4500 | ||
|---|---|---|---|
| 001 | 160 | ||
| 003 | CDMR | ||
| 005 | 20130228181814.0 | ||
| 008 | 130130s1986||||||||||||||||||||||||||||d | ||
| 020 | _a8476520107 | ||
| 040 |
_aCDMR _bcat _cCDMR |
||
| 100 | 1 |
_aChaumier, Jacques _9128 |
|
| 245 | 1 | 0 |
_aAnálisis y lenguaje documentales _b: el tratamiento lingüistico de la información _cJacques Chaumier |
| 260 |
_aBarcelona _c1986 _bMitre |
||
| 942 |
_cMON _2ddc |
||
| 999 |
_c160 _d160 |
||